000 00393nam a2200157Ia 4500
008 230917s9999||||xx |||||||||||||| ||und||
040 _e217112
_aMAIN
041 _aEnglish
082 _a658.3 V43M(2)
100 _aVarma, Arup
245 0 _aManaging human resource in Asia Pacific
250 _a2nd. ed.
260 _aNew York
_bRoutledge
_c2014
300 _axviii, 299 p.
942 _cBK
999 _c177107
_d177107